000 00853cab a2200313 4500
001 ABS48373
008 090401t1993 xxu||||| |||| 00| 0 eng d
035 _a(Sirsi) u66399
041 _aeng
100 _aRidout, G.
245 _aStill crazing
260 _c1993
350 _a0
490 _aBuilding
_v258(7788) 2 April 1993, 40-41(2)
520 _aDefects File on concrete slabs and screeds considers how to overcome problems of shrinkage and thermal cracking in concrete floors.
650 _aBRE SCREED TESTER
650 _aBS 8203
650 _aCONCRETE FLOORS
650 _aCRACKING
650 _aDUST
650 _aSCREEDS
650 _aSEALANT COATINGS
650 _aSHRINKAGE
650 _aSTRESS
650 _aWATERPROOFING
690 _aBUILT ENVIRONMENT-BUILDING PATHOLOGY
942 _n0
948 _c04/03/1997
999 _c41493
_d41493